000 00456nam a22001697a 4500
003 CEu
005 20140310182813.0
008 130223t xxu||||| |||| 00| 0 eng d
020 _a9812656715
050 _aRT 84
_b.M272 2006
245 _aPediatric nursing skills & procedures /
_cBarbara L. Mandleco
260 _aAustralia :
_bThomson/Delmar Learning,
_c2006.
300 _a288 p. :
_c26 cm.
521 _aNUR
942 _2lcc
_cBK
_kFOR
999 _c16214
_d16214